[Event "IECG QN.2002.0.00215"]
[Site "IECG email"]
[Date "2002.03.13"]
[Round "?"]
[White "Desrochers, Marcel"]
[Black "Mbongo, Bhekizizwe"]
[Result "1-0"]
[WhiteElo "694"]
[BlackElo "747"]
[PlyCount "49"]
[EventDate "2002.03.13"]
[EventType "tourn (corr)"]
[EventRounds "6"]
[SourceTitle "Corr 2008"]
[Source "ChessBase"]
[SourceDate "2008.06.24"]
[SourceVersion "1"]
[SourceVersionDate "2008.06.24"]
[SourceQuality "1"]

1. d4 Nf6 2. Nc3 g6 3. e4 d6 4. Be2 Bg7 5. Nf3 0-0 6. 0-0 Nfd7 7. Be3 e5 8. Bg5 f6 9. Be3 h6 10. Qd2 f5 11. Bxh6 Nf6 12. Bc4+ Kh8 13. Nh4 Qe8 14. exf5 Bxf5 15. Nxf5 gxf5 16. Qg5 Qe7 17. dxe5 dxe5 18. Bxg7+ Qxg7 19. Qxf5 Nc6 20. Bd3 Rae8 21. Bb5 Ng4 22. Qh5+ Nh6 23. Rad1 Rg8 24. Qh3 Ref8 25. Bc4 1-0

[Event "IECG QN.2002.0.00215"]
[Site "IECG email"]
[Date "2002.03.13"]
[Round "?"]
[White "Mbongo, Bhekizizwe"]
[Black "Desrochers, Marcel"]
[Result "1-0"]
[WhiteElo "747"]
[BlackElo "694"]
[PlyCount "57"]
[EventDate "2002.03.13"]
[EventType "tourn (corr)"]
[EventRounds "6"]
[SourceTitle "Corr 2008"]
[Source "ChessBase"]
[SourceDate "2008.06.24"]
[SourceVersion "1"]
[SourceVersionDate "2008.06.24"]
[SourceQuality "1"]

1. e4 c5 2. Nf3 Nf6 3. e5 e6 4. exf6 Qxf6 5. d4 cxd4 6. Bg5 Bb4+ 7. Nbd2 Qg6 8. Bd3 f5 9. 0-0 e5 10. Re1 d6 11. Bb5+ Bd7 12. Bc4 e4 13. Bh4 Be6 14. Bxe6 Qxe6 15. Nxd4 Qf7 16. Re3 Nc6 17. N2b3 Nxd4 18. Qxd4 a5 19. Rg3 Rg8 20. a3 Bc5 21. Nxc5 dxc5 22. Qxc5 Qe6 23. Rd1 Rc8 24. Qxa5 h6 25. Rd8+ Rxd8 26. Qxd8+ Kf7 27. Qc7+ Kf8 28. Qxb7 g5 29. Rc3 1-0

[Event "IECG CN.2000.0.00189"]
[Site "IECG email"]
[Date "2000.04.09"]
[Round "?"]
[White "Venturas, Bob"]
[Black "Mbongo, Bhekizizwe"]
[Result "1-0"]
[WhiteElo "648"]
[BlackElo "800"]
[PlyCount "65"]
[EventDate "2000.04.09"]
[EventType "tourn (corr)"]
[EventRounds "6"]
[SourceTitle "Corr 2008"]
[Source "ChessBase"]
[SourceDate "2008.06.24"]
[SourceVersion "1"]
[SourceVersionDate "2008.06.24"]
[SourceQuality "1"]

1. e4 c5 2. Bc4 e6 3. d4 cxd4 4. Nf3 Nf6 5. Bg5 Be7 6. Qxd4 0-0 7. e5 Nc6 8. Qf4 Nd5 9. Bxd5 exd5 10. 0-0 d6 11. Bxe7 Qxe7 12. exd6 Qf6 13. Qxf6 gxf6 14. Re1 Nb4 15. Na3 Bg4 16. c3 Nd3 17. Re2 a6 18. Re7 b5 19. b4 Rad8 20. Rd1 Ne5 21. Rxd5 Nxf3+ 22. gxf3 Bxf3 23. Rd3 Bh5 24. Ra7 Bg6 25. Rd4 Rfe8 26. Rxa6 Re1+ 27. Kg2 Kh8 28. Nxb5 Rg8 29. Rb6 Be4+ 30. Kh3 Bg2+ 31. Kh4 Rh1 32. Rg4 Rxg4+ 33. Kxg4 1-0

[Event "IECG QN.1999.0.00091"]
[Site "IECG email"]
[Date "1999.12.16"]
[Round "?"]
[White "Mazuela, Jose L"]
[Black "Mbongo, Bhekizizwe"]
[Result "0-1"]
[WhiteElo "800"]
[BlackElo "800"]
[PlyCount "28"]
[EventDate "1999.12.16"]
[EventType "tourn (corr)"]
[EventRounds "6"]
[SourceTitle "Corr 2008"]
[Source "ChessBase"]
[SourceDate "2008.06.24"]
[SourceVersion "1"]
[SourceVersionDate "2008.06.24"]
[SourceQuality "1"]

1. e4 c5 2. c4 e5 3. Qf3 Nf6 4. Nc3 Nc6 5. g4 d6 6. g5 Nd4 7. Qd3 Nh5 8. h4 Nf4 9. Qb1 Be7 10. Nge2 Bg4 11. Nxf4 exf4 12. d3 Nf3+ 13. Kd1 Nxh4+ 14. Ne2 Bxg5 0-1